[Event "13th Leiden Crown Group 2019"]
[Site "Leiden"]
[Date "2019.07.18"]
[Round "6.5"]
[White "Pruijssers, Roeland"]
[Black "Schekachikhin, Maksim"]
[Result "1/2-1/2"]
[WhiteElo "2534"]
[BlackElo "2415"]
[Annotator "TA"]
[PlyCount "41"]
[EventDate "2019.07.08"]
[EventType "tourn"]
[EventCountry "NED"]
[SourceTitle "playchess.com"]
[Source "ChessBase"]
[SourceQuality "1"]

{[%evp 12,41,18,11,19,24,20,9,13,6,14,0,22,0,13,10,12,14,31,21,41,41,41,42,41,8,13,12,19,0,0,0]} 1. e4 c6 2. d4 d5 3. e5 Bf5 4. Nf3 e6 5. Be2 Ne7 6. O-O c5 7. dxc5 Nec6 {B12: Caro-Kann: Advance Variation} 8. Be3 Nd7 9. c4 dxc4 10. Na3 Bxc5 11. Nxc4 {And now Bxc5 would win.} O-O 12. Nd4 $146 ({Predecessor:} 12. Bf4 Nb6 13. Nd6 Bxd6 14. exd6 Qf6 {½-½ (93) Borisek,J (2576)-Nisipeanu,L (2668) Bled 2016}) 12... Be4 13. Rc1 Bxd4 14. Bxd4 Qg5 {[%csl Ge4][%cal Rg5g2]} 15. g3 Nxd4 16. Qxd4 {[%mdl 64] [#] Double Attack} Bd5 17. f4 Qe7 18. Nd6 f6 {The position is equal.} 19. Nf5 Qd8 20. exf6 Nxf6 21. Bc4 {Accuracy: White = 68%, Black = 60%.} 1/2-1/2

[Event "13th Leiden Crown Group 2019"]
[Site "Leiden"]
[Date "2019.07.19"]
[Round "7.1"]
[White "Schekachikhin, Maksim"]
[Black "Kuipers, Stefan"]
[Result "1/2-1/2"]
[WhiteElo "2415"]
[BlackElo "2435"]
[Annotator "ChessBase"]
[PlyCount "78"]
[EventDate "2019.07.08"]
[EventType "tourn"]
[EventCountry "NED"]
[SourceTitle "playchess.com"]
[Source "ChessBase"]
[SourceQuality "1"]
[TimeControl "40/5400+30:1800+30"]

1. d4 {[%emt 0:00:00]} Nf6 {[%emt 0:00:00]} 2. c4 {[%emt 0:00:32]} c5 {[%emt 0:00:00]} 3. d5 {[%emt 0:00:09]} e6 {[%emt 0:00:00]} 4. Nc3 {[%emt 0:00:40]} exd5 {[%emt 0:00:00]} 5. cxd5 {[%emt 0:00:07]} d6 {[%emt 0:00:03]} 6. Nf3 {[%emt 0:01:07]} g6 {[%emt 0:00:07]} 7. Nd2 {[%emt 0:00:10]} Bg7 {[%emt 0:00:13]} 8. e4 {[%emt 0:00:07]} O-O {[%emt 0:00:18]} 9. Be2 {[%emt 0:00:06]} Re8 {[%emt 0:00:42]} 10. O-O {[%emt 0:00:18]} Nbd7 {[%emt 0:00:10]} 11. a4 {[%emt 0:01:02]} Ne5 {[%emt 0:00:17]} 12. Ra3 {[%emt 0:00:45]} a6 {[%emt 0:01:09]} 13. Qc2 {[%emt 0:11:05]} Bg4 {[%emt 0:04:11]} 14. Bxg4 {[%emt 0:21:46]} Nfxg4 {[%emt 0:00:58]} 15. h3 {[%emt 0:04:38]} Nh6 {[%emt 0:02:22]} 16. a5 {[%emt 0:07:00]} f5 {[%emt 0:06:11]} 17. Ne2 {[%emt 0:07:28]} Qh4 {[%emt 0:11:52]} 18. exf5 {[%emt 0:10:42]} Nxf5 {[%emt 0:00:43]} 19. Ra4 {[%emt 0:00:25]} Nd4 {[%emt 0:12:23]} 20. Nxd4 {[%emt 0:02:52]} cxd4 {[%emt 0:00:11]} 21. Qb3 {[%emt 0:07:00]} Rf8 {[%emt 0:07:23]} 22. Nc4 {[%emt 0:08:09]} Rac8 {[%emt 0:14:43]} 23. Bd2 {[%emt 0:02:53]} Nf3+ {[%emt 0:18:31]} 24. gxf3 {[%emt 0:00:57]} Qxh3 {[%emt 0:00:06]} 25. Ra3 {[%emt 0:08:24]} Rf5 {[%emt 0:01:43]} 26. f4 {[%emt 0:00:43]} d3 {[%emt 0:00:19]} 27. Qxd3 {[%emt 0:00:42]} Qxd3 {[%emt 0:00:07]} 28. Rxd3 {[%emt 0:00:05]} Rxc4 {[%emt 0:00:06]} 29. Rc1 {[%emt 0:01:45]} Rxc1+ {[%emt 0:07:07]} 30. Bxc1 {[%emt 0:00:03]} Rf7 {[%emt 0:00:28]} 31. b3 {[%emt 0:00:56]} Kf8 {[%emt 0:01:40]} 32. Ba3 {[%emt 0:00:17]} Ke7 {[%emt 0:00:41]} 33. Re3+ {[%emt 0:02:16]} Kd7 {[%emt 0:00:06]} 34. Re4 {[%emt 0:00:38]} Bc3 {[%emt 0:01:35]} 35. Bb4 {[%emt 0:00:39]} Bb2 {[%emt 0:00:31]} 36. Re6 {[%emt 0:00:50]} Rf6 {[%emt 0:00:07]} 37. Rxf6 {[%emt 0:00:33]} Bxf6 {[%emt 0:00:07]} 38. Kg2 {[%emt 0:00:05]} Bd4 {[%emt 0:03:48]} 39. Kg3 {[%emt 0:01:01]} Ke7 {[%emt 0:06:10]} 1/2-1/2

[Event "13th Leiden Crown Group 2019"]
[Site "Leiden"]
[Date "2019.07.19"]
[Round "7.2"]
[White "Sengupta, Deep"]
[Black "Pruijssers, Roeland"]
[Result "1-0"]
[WhiteElo "2558"]
[BlackElo "2534"]
[Annotator "TA"]
[PlyCount "77"]
[EventDate "2019.07.08"]
[EventType "tourn"]
[EventCountry "NED"]
[SourceTitle "playchess.com"]
[Source "ChessBase"]
[SourceQuality "1"]

{[%evp 16,77,29,22,26,25,50,54,187,43,86,59,96,90,83,77,168,159,158,172,224,237,275,252,272,237,266,257,262,257,239,224,359,372,356,375,358,365,324,324,385,219,214,185,770,360,895,568,1463,692,1116,552,539,514,6295,6233,2151,896,880,865,29980,29981,29981,842]} 1. e4 c5 2. Nf3 e6 3. d4 cxd4 4. Nxd4 Nc6 5. Nc3 Qc7 6. Be3 a6 7. a3 b5 8. Nxc6 Qxc6 9. Be2 Bb7 {B49: Sicilian: Taimanov: 5 Nc3 Qc7 6 Be3 a6 7 Be2} 10. O-O (10. Qd2 Be7 11. O-O Bf6 12. Bd4 Qd6 13. Rfd1 Qxd4 14. Qxd4 Bxd4 15. Rxd4 Ne7 16. Rad1 Bc6 17. f3 {0-1 (44) Schroeder,J (2571)-Rapport,R (2726) Germany 2019}) 10... Bc5 11. Bd4 f6 {[#]} (11... Nf6 $14) 12. Bh5+ $146 (12. Bxb5 $1 $18 {[%mdl 512]} axb5 13. Qh5+ {[%mdl 64] Double Attack} g6 14. Qxc5 Qxc5 15. Bxc5) ({Predecessor:} 12. Bxb5 axb5 13. Qh5+ g6 14. Qxc5 Qxc5 15. Bxc5 Bc6 16. Rad1 Ne7 17. Rfe1 {1-0 (26) Cornette,M (2587)-Lombaers,P (2372) Caleta 2019}) 12... g6 $14 {White must now prevent ...Bxd4.} 13. Bf3 {e5 is the strong threat.} e5 14. Bxc5 Qxc5 15. Qd2 h5 {[#]} (15... Ne7 $16) 16. Rfd1 $1 $36 {[%mdl 2048] White is in control.} Bc6 17. b4 Qb6 {[#]} (17... Qd4 {might work better.}) 18. a4 $1 Rd8 19. axb5 axb5 20. Ra5 d6 21. Nd5 Qb7 22. Be2 Rh7 23. c4 bxc4 (23... Kf8 $142 24. cxb5 Bxd5) 24. Bxc4 Kf8 25. b5 Bxd5 26. Bxd5 (26. exd5 Rc7 $16) 26... Qb6 27. Qb4 Ne7 28. Ra6 (28. Bb3 $142) 28... Nxd5 29. Rxd5 Rc7 $2 (29... Ra7 30. Rxa7 {[%mdl 64] Overworked Piece} (30. Rxb6 $2 Ra1+ 31. Rd1 Rxd1+ 32. Qe1 Rxe1#) (30. Rxd6 Rxd6 31. Rxa7 Qd4 $16) 30... Qxa7 31. Rxd6 Kg7) 30. Qd2 (30. Rxb6 $2 {gets mated.} Rc1+ 31. Rd1 Rxd1+ 32. Qe1 Rxe1#) (30. g3 $142 Rc1+ 31. Kg2) 30... Qb7 $2 (30... Qb8 31. b6 (31. Raxd6 Rxd6 32. Rxd6 Ke7 $16) (31. Rdxd6 Kg7 $16) 31... Rh7) 31. Qh6+ {[%mdl 64] Double Attack} Kf7 32. h4 (32. Raxd6 $142 Rxd6 33. Rxd6) 32... Qc8 33. Qh7+ (33. Rdxd6 $142 Rxd6 34. Rxd6) 33... Kf8 34. Qxg6 Rg7 (34... Qe6 $142 35. Qxh5 Rcd7) 35. Qxf6+ Kg8 36. Raxd6 (36. Rc6 $142 Qa8 37. Rcxd6 Rxd6 38. Rxd6) 36... Rxd6 37. Rxd6 {Strongly threatening Rd8+.} Kh7 38. Qh6+ Kg8 39. Qe6+ {Accuracy: White = 53%, Black = 19%.} (39. Qxh5 $142 Kf8 40. Qh8+ Ke7 41. Qxc8 Kxd6 42. Qc6+ Ke7 43. b6 Rf7 44. b7) 1-0

[Event "13th Leiden Crown Group 2019"]
[Site "Leiden"]
[Date "2019.07.19"]
[Round "7.3"]
[White "Stefansson, Hannes"]
[Black "Nikolic, Predrag"]
[Result "1/2-1/2"]
[WhiteElo "2562"]
[BlackElo "2574"]
[Annotator "ChessBase"]
[PlyCount "30"]
[EventDate "2019.07.08"]
[EventType "tourn"]
[EventCountry "NED"]
[SourceTitle "playchess.com"]
[Source "ChessBase"]
[SourceQuality "1"]
[TimeControl "40/5400+30:1800+30"]

1. e4 {[%emt 0:00:00]} e6 {[%emt 0:00:00]} 2. d4 {[%emt 0:00:00]} d5 {[%emt 0:00:00]} 3. exd5 {[%emt 0:00:12]} exd5 {[%emt 0:00:04]} 4. Nf3 {[%emt 0:00:14]} Nf6 {[%emt 0:01:42]} 5. Bd3 {[%emt 0:00:34]} Bg4 {[%emt 0:02:30]} 6. O-O {[%emt 0:00:59]} Be7 {[%emt 0:00:07]} 7. Bg5 {[%emt 0:03:28]} O-O {[%emt 0:02:48]} 8. Nbd2 {[%emt 0:02:38]} Nbd7 {[%emt 0:07:13]} 9. c3 {[%emt 0:01:44]} c5 {[%emt 0:01:58]} 10. dxc5 {[%emt 0:12:40]} Nxc5 {[%emt 0:00:55]} 11. Be2 {[%emt 0:02:30]} Ncd7 {[%emt 0:07:38]} 12. Bd3 {[%emt 0:00:02]} Nc5 13. Be2 {[%emt 0:00:01]} Qb6 {[%emt 0:00:00]} 14. Nb3 {[%emt 0:01:37]} Nce4 {[%emt 0:00:00]} 15. Be3 {[%emt 0:00:48]} Qc7 {[%emt 0:00:27]} 1/2-1/2

[Event "13th Leiden Crown Group 2019"]
[Site "Leiden"]
[Date "2019.07.19"]
[Round "7.4"]
[White "Das, Arghyadip"]
[Black "Pijpers, Arthur"]
[Result "0-1"]
[WhiteElo "2439"]
[BlackElo "2474"]
[Annotator "TA"]
[PlyCount "70"]
[EventDate "2019.07.08"]
[EventType "tourn"]
[EventCountry "NED"]
[SourceTitle "playchess.com"]
[Source "ChessBase"]
[SourceQuality "1"]

{[%evp 16,70,35,38,42,0,0,0,0,-1,-4,-7,0,0,0,0,0,-21,-17,-53,-60,-85,-72,-85,-82,-79,-34,-46,-40,-47,-49,-98,-93,-112,-107,-143,-18,-20,-17,-32,-32,-37,-37,-31,-11,-35,-38,-114,-19,-260,-289,-298,-279,-609,-588,-29984,-29985]} 1. e4 Nf6 2. e5 Nd5 3. d4 d6 4. Nf3 g6 5. Bc4 Nb6 6. Bb3 Bg7 7. Ng5 e6 8. Qf3 Qe7 9. Ne4 {Bg5 is the strong threat.} h6 {B04: Alekhine's Defence: 4 Nf3} 10. Bf4 {[%cal Re5d6]} dxe5 (10... Nc6 11. exd6 Nxd4 12. dxe7 Nxf3+ 13. gxf3 Bxb2 14. Nbc3 Bxa1 15. Be5 f5 16. Bxh8 fxe4 17. Rg1 {0-1 (51) Pourramezanali,A (2528)-Firouzja,A (2618) Bushehr 2019}) 11. Bxe5 f5 {[#] aiming for ...Bxe5.The position is equal.} 12. Ned2 $146 ({Predecessor:} 12. Bxg7 Qxg7 13. Ned2 Qxd4 14. Nc3 Nc6 15. O-O-O Qg7 16. Qg3 O-O 17. f4 Kh8 18. Nf3 e5 19. Nxe5 Nxe5 20. fxe5 f4 21. Qf3 Qxe5 22. Rhe1 Qg7 23. Re4 Bd7 24. Rxf4 {½-½ (24) Mullon,J (2336)-Janev,E (2502) Saint Affrique 2008}) 12... Bxe5 13. dxe5 Nc6 14. Nc3 Bd7 15. Qe3 O-O-O 16. h4 Na5 17. a3 Nxb3 18. cxb3 Bc6 19. f3 Kb8 20. O-O-O g5 21. hxg5 hxg5 22. Rxh8 Rxh8 23. Nc4 Nd5 24. Nxd5 Bxd5 25. Qd4 Rh2 (25... b6 $17 26. Kb1 Rh2) 26. Ne3 $11 c6 $36 {[%mdl 2048] Black fights for an advantage.} 27. b4 f4 28. Nxd5 cxd5 $15 {[%mdl 4096] Endgame KQR-KQR} 29. Rg1 b6 30. b3 Qh7 31. Kb2 (31. b5 $15) 31... Rh1 (31... Qh4 $17 {And now ...Qg3 would win.} 32. Ka1 Rh1) 32. Rd1 $2 {[#]} (32. b5 $11 {and White is okay.}) 32... Qh2 $19 33. Rd2 Rg1 34. g4 $2 (34. Qd3 Rxg2 35. Rxg2 Qxg2+ 36. Kb1) 34... fxg3 35. b5 Rg2 {Accuracy: White = 26%, Black = 55%.} 0-1

[Event "13th Leiden Crown Group 2019"]
[Site "Leiden"]
[Date "2019.07.19"]
[Round "7.5"]
[White "Van der Wiel, John T.H."]
[Black "Lalith Babu M R"]
[Result "0-1"]
[WhiteElo "2380"]
[BlackElo "2580"]
[Annotator "TA"]
[PlyCount "82"]
[EventDate "2019.07.08"]
[EventType "tourn"]
[EventCountry "NED"]
[SourceTitle "playchess.com"]
[Source "ChessBase"]
[SourceQuality "1"]

{[%evp 16,82,10,6,7,-22,-20,-21,-20,-14,-14,-8,22,-25,-38,-27,-40,-33,-31,-35,-16,-47,-16,-26,-12,-24,-10,-27,0,-45,-25,-25,-18,-32,0,0,22,0,0,-9,8,11,33,22,74,22,86,13,110,0,22,-2,0,0,0,0,0,0,0,-295,-279,-1104,-1096,-1063,-1003,-1924,-1818,-29988,-934]} 1. e4 e6 2. d4 d5 3. Nd2 Nf6 4. e5 Nfd7 5. f4 c5 6. c3 Nc6 {[%cal Bb8c6,Bc6a5,Ba5c4][%mdl 32]} 7. Ndf3 Qb6 8. a3 Be7 9. Ne2 O-O {C11: French: Classical System: 4 e5 and 4 Bg5 dxe4} 10. h4 f6 11. Qd3 $146 ({Predecessor:} 11. Rh3 Na5 12. b4 cxb4 13. axb4 Nc4 14. Ng3 {½-½ (74) Ponomariov,R (2694)-Tomczak,J (2588) Katowice 2017}) 11... Na5 {The position is equal.} 12. b4 cxb4 13. axb4 Nc4 (13... Nb3 {looks sharper.} 14. Ra2 a5 15. Be3 Qc7 16. g4 Nb6) 14. Nd2 (14. h5 {seems wilder.} a5 15. g4 Qd8 16. Bg2 b6 17. Qc2) 14... fxe5 15. Nxc4 dxc4 16. Qxc4 exd4 17. Nxd4 Nf6 18. Bd3 Nd5 19. Ne2 Bd7 20. Qe4 Nf6 $1 {[%cal Rf6e4]} 21. Qe3 Qd6 22. Ba3 b5 23. Rd1 {Threatens to win with Bxh7+!} Qa6 24. Bc1 Rac8 25. O-O Nd5 26. Qe4 Qb6+ 27. Kh1 Rf5 {And now ...Rh5! would win.} 28. Qf3 $1 Rf6 29. f5 Bc6 (29... Nxc3 $11 30. Be3 Qb8 31. Nxc3 Rxc3) 30. Qg3 (30. Qh3 $16) 30... exf5 (30... Qc7 $11 {remains equal.}) 31. Bg5 (31. Bxf5 $16 Rcf8 32. Nd4) 31... Rcf8 (31... Re8 $1 $11 {keeps the balance.} 32. Nd4 (32. Bxf6 Bxf6 33. Rxf5 Ne3 $11 {[%mdl 64] Double Attack}) 32... Bd6) 32. Bxf6 ({White should try} 32. Bb1 $16 {Ba2 is the strong threat.} R6f7 33. Nd4) 32... Bxf6 33. Bxf5 {aiming for Be6+.} Ne3 $1 $36 {[%mdl 2112] Double Attack. Black fights for an advantage.} 34. Be6+ Kh8 35. Rxf6 $1 {[%cal Rf6f8]} Bxg2+ (35... Rxf6 $2 {perishes.} 36. Qxe3 $1 {[%mdl 512]} Rxe6 37. Qxe6 $18) ({Much worse is} 35... gxf6 $6 36. Rd6 $16) 36. Kh2 {[%cal Rf6f8]} ({Avoid the trap} 36. Qxg2 $2 gxf6 37. Qf3 Nxd1 $19) 36... gxf6 37. Rd6 $2 {[%mdl 8192] [#]} (37. Qd6 $1 $11 {and White is okay.} Re8 38. Qxb6 axb6 39. Rd6) 37... Ba8 $1 $19 {Hoping for ...Nf1+.} 38. Qf4 $2 (38. Rxb6 Nf1+ {[%mdl 64] Double Attack, Zwischenzug} 39. Kh3 Nxg3 40. Kxg3 axb6 41. Nd4) 38... Qb7 {[%csl Ga8,Ge3][%cal Rb7g2]} 39. Qf2 f5 {( -> ...Qh1+)} 40. Kg3 Qg7+ 41. Kf4 Ng2+ {Accuracy: White = 36%, Black = 39%.} 0-1

[Event "13th Leiden Crown Group 2019"]
[Site "Leiden"]
[Date "2019.07.20"]
[Round "8.2"]
[White "Pijpers, Arthur"]
[Black "Van der Wiel, John T.H."]
[Result "0-1"]
[WhiteElo "2474"]
[BlackElo "2380"]
[Annotator "ChessBase"]
[PlyCount "130"]
[EventDate "2019.07.08"]
[EventType "tourn"]
[EventCountry "NED"]
[SourceTitle "playchess.com"]
[Source "ChessBase"]
[SourceQuality "1"]
[TimeControl "40/5400+30:1800+30"]

1. e4 {[%emt 0:00:00]} c5 {[%emt 0:00:00]} 2. Nc3 {[%emt 0:00:00]} d6 {[%emt 0:00:00]} 3. Nge2 {[%emt 0:00:00]} Nc6 {[%emt 0:00:12]} 4. d4 {[%emt 0:00:06]} cxd4 {[%emt 0:00:11]} 5. Nxd4 {[%emt 0:00:04]} Nf6 {[%emt 0:00:14]} 6. f3 {[%emt 0:02:44]} e6 {[%emt 0:13:01]} 7. Be3 {[%emt 0:01:15]} a6 {[%emt 0:01:22]} 8. Qd2 {[%emt 0:00:15]} Be7 {[%emt 0:07:59]} 9. O-O-O {[%emt 0:00:18]} Nxd4 {[%emt 0:12:50]} 10. Bxd4 {[%emt 0:00:22]} e5 {[%emt 0:00:47]} 11. Be3 {[%emt 0:00:35]} Be6 {[%emt 0:00:16]} 12. g4 {[%emt 0:15:27]} Qa5 {[%emt 0:05:33]} 13. Qf2 {[%emt 0:03:17]} Nd7 {[%emt 0:06:58]} 14. Kb1 {[%emt 0:01:18]} Rc8 {[%emt 0:00:28]} 15. Nd5 {[%emt 0:01:55]} Bd8 {[%emt 0:02:38]} 16. h4 {[%emt 0:17:55]} Nf6 {[%emt 0:02:59]} 17. Nxf6+ {[%emt 0:08:34]} gxf6 {[%emt 0:01:14]} 18. a3 {[%emt 0:03:27]} Rc6 {[%emt 0:02:45]} 19. Rh2 {[%emt 0:10:46]} Bb6 {[%emt 0:05:50]} 20. Bxb6 {[%emt 0:01:59]} Qxb6 {[%emt 0:02:19]} 21. Qd2 {[%emt 0:02:13]} Ke7 {[%emt 0:03:10]} 22. g5 {[%emt 0:04:00]} Rhc8 {[%emt 0:16:07]} 23. gxf6+ {[%emt 0:02:59]} Kd7 {[%emt 0:00:13]} 24. Bd3 {[%emt 0:06:52]} Rc3 {[%emt 0:06:55]} 25. Qf2 {[%emt 0:04:05]} R8c5 {[%emt 0:02:46]} 26. f4 {[%emt 0:04:54]} Rxa3 {[%emt 0:00:57]} 27. f5 {[%emt 0:00:02]} Ba2+ {[%emt 0:00:24]} 28. Kc1 {[%emt 0:00:01]} Rb3 {[%emt 0:02:11]} 29. c3 {[%emt 0:02:55]} Kc7 {[%emt 0:02:08]} 30. Qf1 {[%emt 0:03:21]} a5 {[%emt 0:00:55]} 31. Rc2 {[%emt 0:00:39]} a4 {[%emt 0:00:13]} 32. Bc4 {[%emt 0:00:04]} a3 {[%emt 0:01:34]} 33. Bxb3 {[%emt 0:01:22]} Qxb3 {[%emt 0:00:20]} 34. Qd3 {[%emt 0:01:07]} Rc6 {[%emt 0:00:57]} 35. bxa3 {[%emt 0:01:28]} Bb1 {[%emt 0:00:32]} 36. Rdd2 {[%emt 0:01:08]} Bxc2 {[%emt 0:00:21]} 37. Rxc2 {[%emt 0:00:02]} Qxa3+ {[%emt 0:00:19]} 38. Kd2 {[%emt 0:00:01]} Qa7 {[%emt 0:00:31]} 39. Qe3 {[%emt 0:00:54]} Qa1 {[%emt 0:00:24]} 40. Rc1 {[%emt 0:01:00]} Qa2+ {[%emt 0:00:53]} 41. Rc2 {[%emt 0:30:11]} Qb1 {[%emt 0:01:43]} 42. Rc1 {[%emt 0:00:00]} Qb2+ {[%emt 0:01:49]} 43. Rc2 {[%emt 0:00:00]} Qb1 {[%emt 0:01:27]} 44. Qg3 {[%emt 0:00:00]} Ra6 {[%emt 0:01:41]} 45. Qe1 {[%emt 0:00:00]} Qxe1+ {[%emt 0:02:02]} 46. Kxe1 {[%emt 0:00:00]} Ra4 {[%emt 0:00:13]} 47. Re2 {[%emt 0:00:00]} Kc6 {[%emt 0:01:37]} 48. Kf2 {[%emt 0:00:00]} d5 {[%emt 0:06:30]} 49. exd5+ {[%emt 0:00:00]} Kxd5 {[%emt 0:00:09]} 50. Rd2+ {[%emt 0:00:00]} Kc6 {[%emt 0:00:13]} 51. Rd8 {[%emt 0:00:00]} Rf4+ {[%emt 0:03:07]} 52. Ke3 {[%emt 0:00:00]} Rxf5 {[%emt 0:00:10]} 53. Rh8 {[%emt 0:00:00]} Rxf6 {[%emt 0:01:59]} 54. Rxh7 {[%emt 0:00:04]} Kd5 {[%emt 0:02:18]} 55. Rh8 {[%emt 0:00:49]} Rc6 {[%emt 0:01:20]} 56. Rd8+ {[%emt 0:00:06]} Ke6 {[%emt 0:00:22]} 57. Re8+ {[%emt 0:00:19]} Kf5 {[%emt 0:02:41]} 58. Kd3 {[%emt 0:00:15]} b6 {[%emt 0:01:16]} 59. h5 {[%emt 0:03:04]} Kf4 {[%emt 0:01:28]} 60. c4 {[%emt 0:04:44]} Rh6 {[%emt 0:01:59]} 61. Rb8 {[%emt 0:00:36]} f5 {[%emt 0:00:12]} 62. Ke2 {[%emt 0:00:07]} e4 {[%emt 0:00:30]} 63. Kf2 {[%emt 0:00:41]} Rxh5 {[%emt 0:02:00]} 64. Rxb6 {[%emt 0:00:04]} Rh2+ {[%emt 0:00:11]} 65. Ke1 {[%emt 0:00:41]} Kf3 {[%emt 0:00:21]} 0-1

[Event "13th Leiden Crown Group 2019"]
[Site "Leiden"]
[Date "2019.07.20"]
[Round "8.3"]
[White "Nikolic, Predrag"]
[Black "Das, Arghyadip"]
[Result "1-0"]
[WhiteElo "2574"]
[BlackElo "2439"]
[Annotator "ChessBase"]
[PlyCount "111"]
[EventDate "2019.07.08"]
[EventType "tourn"]
[EventCountry "NED"]
[SourceTitle "playchess.com"]
[Source "ChessBase"]
[SourceQuality "1"]
[TimeControl "40/5400+30:1800+30"]

1. Nf3 {[%emt 0:00:00]} e6 {[%emt 0:00:25]} 2. g3 {[%emt 0:00:29]} d5 {[%emt 0:00:26]} 3. Bg2 {[%emt 0:00:07]} Nf6 {[%emt 0:00:06]} 4. O-O {[%emt 0:00:13]} c5 {[%emt 0:00:14]} 5. d4 {[%emt 0:00:40]} Nc6 {[%emt 0:00:13]} 6. c4 {[%emt 0:00:23]} dxc4 {[%emt 0:00:11]} 7. Qa4 {[%emt 0:00:19]} Bd7 {[%emt 0:00:13]} 8. Qxc4 {[%emt 0:00:09]} b5 {[%emt 0:00:08]} 9. Qd3 {[%emt 0:00:28]} c4 {[%emt 0:00:13]} 10. Qd1 {[%emt 0:00:58]} Rc8 {[%emt 0:00:06]} 11. Bg5 {[%emt 0:01:21]} Be7 {[%emt 0:04:09]} 12. Nc3 {[%emt 0:00:38]} b4 {[%emt 0:13:27]} 13. Bxf6 {[%emt 0:09:46]} Bxf6 {[%emt 0:01:01]} 14. Ne4 {[%emt 0:00:28]} Be7 {[%emt 0:01:15]} 15. Rc1 {[%emt 0:07:22]} Na5 {[%emt 0:03:23]} 16. d5 {[%emt 0:03:09]} exd5 {[%emt 0:03:29]} 17. Qxd5 {[%emt 0:00:08]} O-O {[%emt 0:03:35]} 18. Rfd1 {[%emt 0:13:04]} Ba4 {[%emt 0:07:18]} 19. Rd2 {[%emt 0:00:10]} Qb6 {[%emt 0:04:20]} 20. Qf5 {[%emt 0:02:30]} g6 {[%emt 0:08:27]} 21. Qf4 {[%emt 0:01:14]} Rcd8 {[%emt 0:15:48]} 22. Ne5 {[%emt 0:07:22]} Bb5 {[%emt 0:04:11]} 23. Rxd8 {[%emt 0:06:20]} Qxd8 {[%emt 0:00:56]} 24. Ng4 {[%emt 0:00:21]} f6 {[%emt 0:01:13]} 25. Ne3 {[%emt 0:03:35]} Nc6 {[%emt 0:12:09]} 26. Nd5 {[%emt 0:06:17]} Kh8 {[%emt 0:02:57]} 27. Rd1 {[%emt 0:13:46]} f5 {[%emt 0:08:12]} 28. Ndc3 {[%emt 0:01:26]} Qb6 {[%emt 0:02:03]} 29. Nxb5 {[%emt 0:00:21]} fxe4 {[%emt 0:00:36]} 30. Qxe4 {[%emt 0:00:07]} Rxf2 {[%emt 0:00:09]} 31. Nd4 {[%emt 0:00:57]} Rf6 {[%emt 0:00:55]} 32. e3 {[%emt 0:03:06]} Rd6 {[%emt 0:02:42]} 33. Rf1 {[%emt 0:06:06]} Rxd4 {[%emt 0:00:04]} 34. exd4 {[%emt 0:00:08]} Qxd4+ {[%emt 0:00:04]} 35. Kh1 {[%emt 0:01:00]} Qxe4 {[%emt 0:00:44]} 36. Bxe4 {[%emt 0:00:03]} Ne5 {[%emt 0:00:24]} 37. Rc1 {[%emt 0:04:37]} Bc5 {[%emt 0:01:23]} 38. Bd5 {[%emt 0:04:12]} Bd4 {[%emt 0:00:52]} 39. Bxc4 {[%emt 0:00:12]} Bxb2 {[%emt 0:00:02]} 40. Rc2 {[%emt 0:00:07]} Bc3 {[%emt 0:00:19]} 41. Ba6 {[%emt 0:30:23]} Kg7 {[%emt 0:31:05]} 42. a3 {[%emt 0:03:08]} h5 {[%emt 0:00:00]} 43. axb4 {[%emt 0:00:00]} Bxb4 {[%emt 0:00:00]} 44. Rc7+ {[%emt 0:00:00]} Kh6 {[%emt 0:00:00]} 45. Kg2 {[%emt 0:00:00]} Kg5 {[%emt 0:00:00]} 46. h4+ {[%emt 0:00:00]} Kh6 {[%emt 0:00:00]} 47. Rxa7 {[%emt 0:00:00]} g5 {[%emt 0:00:00]} 48. Rb7 {[%emt 0:00:00]} Bd2 {[%emt 0:00:00]} 49. Rb2 {[%emt 0:00:00]} Be3 {[%emt 0:00:00]} 50. Re2 {[%emt 0:00:00]} Bd4 {[%emt 0:00:00]} 51. Re4 {[%emt 0:00:00]} Bc3 {[%emt 0:00:00]} 52. Be2 {[%emt 0:00:00]} Kg6 {[%emt 0:00:00]} 53. Ra4 {[%emt 0:00:00]} Nd7 {[%emt 0:00:00]} 54. Bd3+ {[%emt 0:00:00]} Kh6 {[%emt 0:00:00]} 55. Ra7 {[%emt 0:00:00]} Nf6 {[%emt 0:00:00]} 56. hxg5+ {[%emt 0:00:00]} 1-0

[Event "13th Leiden Crown Group 2019"]
[Site "Leiden"]
[Date "2019.07.20"]
[Round "8.4"]
[White "Pruijssers, Roeland"]
[Black "Stefansson, Hannes"]
[Result "1-0"]
[WhiteElo "2534"]
[BlackElo "2562"]
[Annotator "ChessBase"]
[PlyCount "77"]
[EventDate "2019.07.08"]
[EventType "tourn"]
[EventCountry "NED"]
[SourceTitle "playchess.com"]
[Source "ChessBase"]
[SourceQuality "1"]
[TimeControl "40/5400+30:1800+30"]

1. e4 {[%emt 0:01:10]} e5 {[%emt 0:00:00]} 2. Nf3 {[%emt 0:00:09]} Nc6 {[%emt 0:00:00]} 3. Bc4 {[%emt 0:00:04]} Bc5 {[%emt 0:00:00]} 4. O-O {[%emt 0:00:09]} Nf6 {[%emt 0:00:06]} 5. d3 {[%emt 0:00:06]} O-O {[%emt 0:00:13]} 6. h3 {[%emt 0:00:44]} d5 {[%emt 0:01:36]} 7. exd5 {[%emt 0:00:34]} Nxd5 {[%emt 0:00:21]} 8. Re1 {[%emt 0:00:34]} Be6 {[%emt 0:01:34]} 9. c3 {[%emt 0:01:18]} Bb6 {[%emt 0:05:27]} 10. b4 {[%emt 0:05:22]} f6 {[%emt 0:05:08]} 11. a4 {[%emt 0:03:14]} a5 {[%emt 0:09:28]} 12. b5 {[%emt 0:01:34]} Nce7 {[%emt 0:00:38]} 13. d4 {[%emt 0:04:38]} Ng6 {[%emt 0:02:19]} 14. Nbd2 {[%emt 0:10:12]} Bf7 {[%emt 0:09:47]} 15. Ba3 {[%emt 0:12:15]} Nxc3 {[%emt 0:06:33]} 16. Qb3 {[%emt 0:01:12]} exd4 {[%emt 0:00:57]} 17. Bxf8 {[%emt 0:00:09]} Qxf8 {[%emt 0:00:12]} 18. Ne4 {[%emt 0:01:42]} Nxe4 {[%emt 0:03:05]} 19. Rxe4 {[%emt 0:00:15]} Rd8 {[%emt 0:01:00]} 20. Rae1 {[%emt 0:01:13]} Bxc4 {[%emt 0:01:37]} 21. Qxc4+ {[%emt 0:00:04]} Qf7 {[%emt 0:00:08]} 22. Re8+ {[%emt 0:05:45]} Rxe8 {[%emt 0:00:06]} 23. Rxe8+ {[%emt 0:00:04]} Nf8 {[%emt 0:00:05]} 24. Nd2 {[%emt 0:03:19]} Qxc4 {[%emt 0:07:01]} 25. Nxc4 {[%emt 0:00:06]} Kf7 {[%emt 0:00:04]} 26. Ra8 {[%emt 0:04:40]} d3 {[%emt 0:12:24]} 27. Nxb6 {[%emt 0:07:54]} cxb6 {[%emt 0:00:07]} 28. Rd8 {[%emt 0:00:08]} Ne6 {[%emt 0:00:22]} 29. Rd7+ {[%emt 0:01:15]} Ke8 {[%emt 0:00:06]} 30. Rxd3 {[%emt 0:00:22]} Nc5 {[%emt 0:00:23]} 31. Rd4 {[%emt 0:00:08]} h5 {[%emt 0:01:54]} 32. f4 {[%emt 0:11:55]} g6 {[%emt 0:03:08]} 33. g4 {[%emt 0:04:50]} hxg4 {[%emt 0:00:26]} 34. hxg4 {[%emt 0:00:06]} Ke7 {[%emt 0:00:38]} 35. f5 {[%emt 0:02:21]} g5 {[%emt 0:01:55]} 36. Kf2 {[%emt 0:00:11]} Kf7 {[%emt 0:01:53]} 37. Kf3 {[%emt 0:00:39]} Ke7 {[%emt 0:00:09]} 38. Ke3 {[%emt 0:00:06]} Ke8 {[%emt 0:01:00]} 39. Rd6 {[%emt 0:02:22]} 1-0